| 000 | 00503nam a22001817a 4500 | ||
|---|---|---|---|
| 003 | CEME | ||
| 005 | 20210628210026.0 | ||
| 008 | 210210b xxu||||| |||| 00| 0 eng d | ||
| 020 | _a1-85233-080-5 | ||
| 040 | _c. | ||
| 082 | _a516 MAR | ||
| 100 |
_aMarsh, Duncan _977882 |
||
| 245 | _aApplied geometry for computer graphics and cad | ||
| 260 |
_aLONDON _bSPRINGER VERLA _c1999 |
||
| 300 | _a268P | ||
| 650 |
_aCOMPUTER GRAPHICS COMPUTER AIDED DESIGN GEOMETRY,APPLIED CAD _977883 |
||
| 942 |
_cBK _2ddc |
||
| 999 |
_c583072 _d583072 |
||